Reproduktory a reproduktorové soustavy
Guardado en:
| Autores principales: | , |
|---|---|
| Formato: | Libro |
| Lenguaje: | checo |
| Publicado: |
Praha :
SNTL,
1976
|
| Edición: | 2. vyd. |
| Etiquetas: |
Sin Etiquetas, Sea el primero en etiquetar este registro!
|
MARC
| LEADER | 00000nam a22000003a 4500 | ||
|---|---|---|---|
| 001 | stu53508 | ||
| 005 | 20150617225703.6 | ||
| 008 | 000510s1976----cs------------------cze-d | ||
| 040 | |a STU |b slo | ||
| 041 | 0 | |a cze | |
| 044 | |a cs | ||
| 080 | |a 621.395.623 | ||
| 100 | 1 | |a Svoboda, Ladislav |4 aut | |
| 245 | 1 | |a Reproduktory a reproduktorové soustavy | |
| 250 | |a 2. vyd. | ||
| 260 | |a Praha : |b SNTL, |c 1976 | ||
| 300 | |a 325 s | ||
| 700 | 1 | |a Štefan, Miloslav |4 aut | |
| 996 | |b E37493 |c E*37493 |l EE16 |s P |a 0 |w stu53508_0002 | ||